Gamma ray irradiation can reduce proteins in NR (Record no. 59731)
[ view plain ]
| 000 -LEADER | |
|---|---|
| fixed length control field | 02402nam a2200205Ia 4500 |
| 100 ## - MAIN ENTRY--AUTHOR NAME | |
| Personal name | Alex R |
| 245 #0 - TITLE STATEMENT | |
| Title | Gamma ray irradiation can reduce proteins in NR |
| 260 ## - PUBLICATION, DISTRIBUTION, ETC. (IMPRINT) | |
| Name of publisher | Rubber Asia Margma |
| Year of publication | 2016 |
| 300 ## - PHYSICAL DESCRIPTION | |
| Number of Pages | 90-94,131 |
| 520 ## - SUMMARY, ETC. | |
| Summary, etc | An attempt is made to reduce protein content of natural rubber by exposure to different doses of gamma radiation. Exposure of natural rubber (NR) latex to low doses of y radiation results in partial degradation of proteins. By treating the y ray irradiated latex with protein hydrolysing enzyme, it is possible to further reduce the protein content of NR equivalent to that of deproteinised natural rubber (DPNR), along with raw rubber characteristics acceptable as per graded natural rubber. Generally, DPNR produced by enzymatic hydrolysis of proteins have a lower initial plasticity (P0) and lower plasticity retention index (PRI) while a combination of gamma ray exposure and enzyme treatment results in DPNR of high P0 and PRI. Exposure of creamed latex which is obtained from latex that is irradiated by low doses of y radiation and compounded with suitable sensitiser; to higher doses of gamma radiation results in radiation vulcanised natural rubber latex (RVNRL). Such RVNRL has an advantage that it is suitable to produced latex ased products with very low leachable proteins after suitable leaching operations, as Type 1 allergy has ben reported with latex products that have high amount of leachable proteins. On exposure of latex to varying doses of y radiation the following chemical changes are to take place (1) degradation of proteins (2) formation of micro gel that enhances green strength and initial plasticity of rubber (3) cross linking of rubber molecules inside the rubber particles. Most of the degraded proteins can be removed easily during further processing of latex. Exposure of NR latex to y radiation is a simple and less time consuming technique to produce deproteinised natural rubber with good raw rubber characteristics and radiation vulcanised natural rubber latex that can be used to produce latex products with very low leachable proteins. |
| 650 ## - SUBJECT ADDED ENTRY--TOPICAL TERM | |
| Topical Term | Deproteinisation |
| 650 ## - SUBJECT ADDED ENTRY--TOPICAL TERM | |
| Topical Term | Gamma ray irradiation |
| 650 ## - SUBJECT ADDED ENTRY--TOPICAL TERM | |
| Topical Term | Gel content |
| 650 ## - SUBJECT ADDED ENTRY--TOPICAL TERM | |
| Topical Term | Initial plasticity |
| 650 ## - SUBJECT ADDED ENTRY--TOPICAL TERM | |
| Topical Term | Natural rubber latex |
| 700 ## - ADDED ENTRY--PERSONAL NAME | |
| Personal name | Abraham E K |
| 700 ## - ADDED ENTRY--PERSONAL NAME | |
| Personal name | Joseph Joy |
| 942 ## - ADDED ENTRY ELEMENTS (KOHA) | |
| Koha item type | Journals |
| Withdrawn status | Lost status | Damaged status | Not for loan | Home library | Current library | Shelving location | Date acquired | Serial Enumeration / chronology | Koha item type |
|---|---|---|---|---|---|---|---|---|---|
| Journals | RRII Library | RRII Library | Rubber technology | 01/01/2021 | Volume Spl, Issue Sep | Journals |